| 000 | 01779cam a2200361 i 4500 | ||
|---|---|---|---|
| 001 | 15688204 | ||
| 003 | EG-ScBUE | ||
| 005 | 20240819103224.0 | ||
| 008 | 090406r20222010nyua f b 001 0 eng d | ||
| 020 | _a9781563677212 | ||
| 035 | _a(OCoLC)ocn436244995 | ||
| 040 |
_aYDXCP _beng _erda _cYDXCP _dCIN _dDLC _dEG-ScBUE |
||
| 082 | 0 | 4 |
_a729.072 _222 _bROB |
| 100 | 1 |
_aRobinson, Lily B., _eauthor. |
|
| 245 | 1 | 0 |
_aResearch-inspired design : _ba step-by-step guide for interior designers / _cLily B. Robinson, Design Institute of San Diego, Alexandra T. Parman, The Art Institute of California-San Diego. |
| 250 | _aReprint edition. | ||
| 264 | 1 |
_aNew York : _bBloomsbury Publishing Inc., _c2022. |
|
| 300 |
_axxiii, 468 pages : _billustrations (some color) ; _c28 cm |
||
| 336 |
_2rdacontent _atext _btxt |
||
| 337 |
_2rdamedia _aunmediated _bn |
||
| 338 |
_2rdacarrier _avolume _bnc |
||
| 504 | _aIncludes bibliographical references and index. | ||
| 538 | _aSystem requirements for accompanying disc: CD-ROM compatible with Windows PC and Mac platforms; Microsoft Word, Microsoft Excel, Adobe Acrobat Reader; Microsoft Internet Explorer, Google Chrome, Apple Safari, or other browser; CD-ROM or DVD-ROM drive. | ||
| 650 | 7 |
_aInterior decoration _xResearch _xMethodology. _2BUEsh |
|
| 650 | 7 |
_aInterior decoration _xPractice. _2BUEsh |
|
| 653 |
_cAugust2024 _bART |
||
| 655 | _vReading book | ||
| 700 | 1 |
_aParman, Alexandra T., _eauthor. |
|
| 856 | 4 | 2 |
_3Contributor biographical information _uhttp://www.loc.gov/catdir/enhancements/fy1315/2009925893-b.html |
| 856 | 4 | 2 |
_3Publisher description _uhttp://www.loc.gov/catdir/enhancements/fy1315/2009925893-d.html |
| 856 | 4 | 1 |
_3Table of contents only _uhttp://www.loc.gov/catdir/enhancements/fy1315/2009925893-t.html |
| 942 |
_2ddc _cBB |
||
| 999 |
_c30807 _d30778 |
||